000 00727nam a2200289Ia 4500
005 20260324112417.0
008 008 260324s9999 xx 000 0 eng d
020 _a9781003100140
037 _aEBOOK
040 _aCRL
040 _beng
040 _cCRL
041 _2eng
041 _aeng
084 _qCRL
100 _aLaura Villa; Luca Casartelli
_91142579
245 0 _aUnderstanding Autism and Autistic Functioning
245 2 _bA Guide for Parents, Educators and Professionals
260 _bTaylor and Francis
260 _c2024
365 _a
365 _b230
856 _uhttp://www.taylorfrancis.com/books/9781003100140
942 _cEBOOK
999 _c1731774
_d1731774